| 000 | 00790nam a22001937a 4500 | ||
|---|---|---|---|
| 999 |
_c18305 _d18305 |
||
| 003 | AR-CdUCM | ||
| 008 | 190513b ||||| |||| 00| 0 spa d | ||
| 040 |
_aMUNICIPALIDAD PROVINCIAL DEL CUSCO _cBIBLIOTECA MUNICIPAL DEL CUSCO |
||
| 082 |
_a985.051 / _bH44 |
||
| 100 |
_aHerrera Alarcon, Dante F. _927024 |
||
| 245 | _aRebeliones que intentaron desmembrar el sur del Perú / | ||
| 260 |
_c1961. _aLima : |
||
| 300 |
_a262 páginas ; _c23 cm. |
||
| 505 | _aContenido : Rebelión del prefecto Rufino Macedo en el departamento de Puno -- Conspiración de Arequipa -- Rebelión del coronel Gregorio Escobedo -- Rebelión contra el general Antonio Gutierrez de la Fuente ... | ||
| 650 |
_aRebelión. _93924 |
||
| 650 |
_aRevolución. _9844 |
||
| 942 |
_2ddc _cLIBROS |
||
| 945 |
_arum _d2019-05-13 |
||